00351nam a2200133Ia 4500003000400000008004100004020002400045040000800069100002000077245007700097260002400174300000700198365001200205LDD181029s9999 xx 000 0 und d a8178353423c1800.00 cLDD aGaur, Mathendra 0aForeign policy annual, 2006 Part 1bChronology of eventscMathendra Gaur aDelhibKalpazc2006 a2v b1800.00